000
00296nam a2200145Ia 4500
100
_a
Khanna/O.P
942
_c
BK
366
_f
10
654
_a
foundry
245
_a
Foundry Technology
260
_b
DHANPAT RAI AND SONS
_a
Delhi
_c
2003
082
_a
671.2
300
_a
833
546
_a
ENGLISH
999
_c
29559
_d
29559